=LDR 00000nam 2200000 4500 =001 INLIS000000000050175 =005 20170421111218.0 =006 =007 =008 =035 ##$$0010-041700000000365 =082 ##$$a 0001.109 598 24 =090 ##$$a 0001.109 598 24 Pol p =100 ##$$a Fajria Novari Manan =245 ##$$a Pola Penggunaan Waktu Dalam Kehidupan Pelajar di Jawa Timur =260 ##$$b Departemen Pendidikan dan Kebudayan $c 1994 =300 ##$$a viii, 67 hlm $b Ilus $c 23 cm